000 00794nam a2200217Ia 4500
001 834
003 GE_BSU
008 181216s||||||||xx |||||||||||||| ||und||
040 _cGE_BSU
080 _a796(075.8)
100 _aАшмарин,Б.А.
245 _aТеория и методика педагогических исследованияя в физическом воспитании
245 _bПособие для студ.аспирантов и препод. ин-тов
260 _aМосква
260 _bФизкультура и спорт
260 _c1978
300 _a222с.
541 _h6л.
653 _aТеория и методика педагогических исследованияя в физическом воспитании
942 _cBK
999 _c34997
_d34997